000 00608nam a2200193Ia 4500
008 120906t2004 xxu||||| |||| 00| 0 sin d
041 _asin
080 _a8-31 (eng)
_bART
100 _aArthur,Robert
245 _aමළ මිනිසාගේ අබිරහස් නිඳානය
246 _aMala Minisage Abirahas Nidanaya
260 _aSarasawi Publishers
_aNugegoda
_c2004
300 _b128p, 18 cm
500 _aSinhalese Translation Of Robert Arthur's of The Dead Man's Riddle
700 _aRajendra,J.N
_etr.
942 _cBK
999 _c40802
_d40802
003 LK-CoDNM
040 _aLK-CoDNM
_dLK-CoDNM
_eLK-CoDNM